000 00923nam a2200229 4500
003 OSt
005 20260601171009.0
008 260418b1999\\\\eng|||||\||||\00|\0\eng\d
040 _aICI
_bspa
_cICI
050 _aNC998.4
_bF58
100 1 _aFinke, Gail Deibler,
_d1964-
245 1 _aYou are here :
_bgraphics that direct, explain & entertain /
_cfrom the Society for Environmental Graphic Design ; edited by Leslie Gallery-Dilworth ; written by Gail Diebler Finke
264 _bST Publications ;
_bDistributed in the U.S. and Canada by Watson-Guptill Publications,
_c[1999]
_aCincinnati, Ohio :
_aNew York, New York :
300 _a198 páginas
_bilustraciones
336 _atexto
_2rdacontent
337 _asin medio
_2rdamedia
338 _avolumen
_2rdacarrier
650 _aArtes gráficas
_919721
700 1 _aFinke, Gail Deibler,
_d1964-
_eeditor
700 1 _aGallery-Dilworth, Leslie,
_eautor
_932847
942 _2lcc
_cB
999 _c20433
_d20433